Lecturas de lingüística

Furkejuvvon:
Bibliográfalaš dieđut
Váldodahkki: Alonso-Cortés, A (Dahkki)
Materiálatiipa: Girji
Giella:espánnjágiella
Almmustuhtton: Madrid Cátedra 1989
Ráidu:Crítica y Estudios Literarios
Fáttát:
Fáddágilkorat: Lasit fáddágilkoriid
Eai fáddágilkorat, Lasit vuosttaš fáddágilkora!

MARC

LEADER 00000nam a2200000 a 4500
001 UCX2360
003 CL-VaPUC
008 910506e19890000SP |||||||||||||||||spa|d
082 0 4 |a 410  |b ALO  |2 21 
100 0 |a Alonso-Cortés, A  |e author  |9 318268 
245 1 0 |a Lecturas de lingüística 
300 |a 345 p 
942 |c BK 
945 |d 19910506 00:00:00 
260 |a Madrid  |b Cátedra  |c 1989 
650 7 |a LINGUISTICA ENSAYOS, CONFERENCIAS, ETC  |2 CL-VaPUC  |9 318269 
583 |a last modification  |c 19910506 00:00:00  |k Rodrigo Vera 
490 0 |a Crítica y Estudios Literarios 
999 |c 223398  |d 223396 
952 |0 0  |1 0  |4 0  |6 410_000000000000000_ALO_1989  |7 0  |8 A  |9 219158  |a FDOPOS  |b FDOPOS  |d 2019-11-15  |i 2879190  |o 410 ALO 1989  |p 2879190  |r 2025-01-22  |w 2019-11-15  |y BK  |k MLA